| 000 | 00609nam a22001817a 4500 | ||
|---|---|---|---|
| 003 | BD-DhUL | ||
| 005 | 20171226080541.0 | ||
| 008 | 170511s1984 ii |||| |||| 000 0 ben d | ||
| 040 |
_cBD-DhUL _aBD-DhUL |
||
| 082 |
_a891.443 _bBIP |
||
| 100 | 1 | _aকর, বিমল। | |
| 245 | 1 |
_aপাল্টাপাল্টি / _cবিমল কর। |
|
| 260 |
_aকলকাতা : _bকসমো স্ক্রিপ্ট, _c১৯৮৪। |
||
| 300 |
_a ১২৫ পৃ. ; _c২১ সেমি. |
||
| 650 | 4 | _aবাংলা উপন্যাস | |
| 650 | 4 | _aBengali fiction | |
| 942 |
_2ddc _cBK |
||
| 999 |
_c195305 _d195305 |
||